000 00601nam a2200229Ia 4500
003 OSt
005 20221007081735.0
006 a|||||r|||| 00| 0
007 ta
008 221006b |||||||| |||| 00| 0 eng d
024 _a10,085
037 _cReference Collections
040 _aFLL
_cFLL
_beng
041 _2eng
_aeng
082 _aZ1, L5
100 _aHart H.L.A. Au.
245 0 _aConcept of law
260 _aOxford
_bOxford university press U.S.A.
_c1975
300 _a262p
_ccm.
942 _hZ1, L5
_cREF
_2CC
999 _c1164115
_d1164115